Soprannomi squadre di calcio - Italia - Quiz n°1 - Statistics

Statistiche generali
  • Questo quiz è stato fatto 1.308 volte
  • Il punteggio medio è 6 su 10
Statistiche sulle risposte
Hint Risposta % Corretto
La Dea Atalanta
97%
La Vecchia Signora Juventus
90%
L'Aquila Lazio
84%
I blucerchiati Sampdoria
83%
I satanelli Foggia
65%
I canarini Modena
63%
Le rondinelle Brescia
45%
I labronici Livorno
43%
Le fere Ternana
40%
Gli alabardati Triestina
37%
Nessun quiz corrispondente trovato
Distribuzione punteggi
Percentuale di utenti per punteggio
Percentile per numero di risposta
I tuoi punteggi nel tempo
Non hai fatto questo quiz